Elizabeth I (Record no. 671)
[ view plain ]
| 000 -CABECERA | |
|---|---|
| campo de control de longitud fija | 01146nam a22002894a 4500 |
| 003 - IDENTIFICADOR DE NUMERO DE CONTROL | |
| campo de control | AR-BaSMT |
| 008 - CAMPOS DE LONGITUD FIJA | |
| campo de control de longitud fija | 240619t2004 uka|||cr|||| 000 0 eng d |
| 020 ## - ISBN: Indicadores indefinidos | |
| Número ISBN | 9780746074862 |
| 040 ## - FUENTE DE CATALOGACION | |
| Agencia de catalogación original | BSGB |
| Idioma de catalogación | español |
| Convenciones de la descripción | rda |
| 041 ## - CODIGO DE IDIOMA | |
| Código idioma | eng |
| Idioma original | inglés |
| 080 ## - CDU | |
| CDU completo | 94=111 |
| 100 1# - PUNTO DE ACCESO PRINCIPAL | |
| Nombre de persona | Turnbull, Stephanie. |
| Enlace autoridades | 498 |
| 245 1# - MENCION DE TITULO | |
| Título | Elizabeth I |
| 250 ## - MENCION DE EDICION | |
| Mención de edición | primera edición |
| 264 1# - PRODUCCIÓN, PUBLICACIÓN, DISTRIBUCIÓN, ETC. | |
| Lugar de publicación, etc. | Londres : |
| Nombre editor. | Usborne, |
| Fecha | 2004. |
| 300 ## - DESCRIPCION FISICA | |
| Extensión | 34 páginas |
| Otros detalles físicos | ilustraciones a color |
| 336 ## - TIPO DE CONTENIDO | |
| texto | Texto |
| 337 ## - TIPO DE MEDIO | |
| sin mediación | Sin mediación |
| 338 ## - TIPO DE SOPORTE | |
| volumen | Volúmen |
| 490 ## - TÍTULO DE LA SERIE | |
| Título de la serie | Beginners |
| 500 ## - NOTA GENERAL | |
| Nota general | Designed by Laura Parker; Illustrated by Colin King. |
| 520 ## - NOTA DE SUMARIO, RESUMEN, ETC. | |
| Toda la nota | Who was Queen Elizabeth I and when did she live? What did she wear and who were her enemies? These and other questions are answered with vivid, full colour illustrations and photographs on every page, and short informative text. Usborne Beginners are colourful information books for children beginning to read on their own. Includes links to carefully selected websites via Usborne Quicklinks. |
| 521 ## - NOTA DE PÚBLICO DESTINATARIO | |
| Nota de audiencia | Secundaria |
| 650 #0 - PUNTO DE ACCESO ADICIONAL DE MATERIA – TÉRMINO TEMÁTICO | |
| Enlace autoridades | 280 |
| Término de materia o nombre geográfico como elemento de entrada | HISTORIA |
| Subdivisión de forma | Inglés |
| 942 ## - ELEMENTOS AGREGADOS (KOHA) | |
| CDU | Clasificación decimal universal |
| Tipo de ítem | Libros |
| Disponible | Perdido | Fuente de clasificación | Estado | Ubicación permanente | Locación actual | Estante o sala | Fuente de adquisición | Número de inventario | Total préstamos | Signatura topográfica | Código de barras | Numero de ejemplar | Tipo de item de Koha | Calificador de localización códificado |
|---|---|---|---|---|---|---|---|---|---|---|---|---|---|---|
| Clasificación Decimal Dewey | Biblioteca Susana G. De Batemarco | Biblioteca Susana G. De Batemarco | Inglés - Historia | Compra feria del libro 2026 | 001038 | 94=111 TUR | 001038 | 1 | Libros |
